Wuthering heights

Αποθηκεύτηκε σε:
Λεπτομέρειες βιβλιογραφικής εγγραφής
Κύριος συγγραφέας: Bronte, Emily 1818-1848
Άλλοι συγγραφείς: West, Clare
Μορφή: Βιβλίο
Γλώσσα:English
Δημοσίευση: Oxford : Oxford University Press, c1992
Σειρά:Oxford bookworms. Black series ; ; Stage 5
Θέματα:
Ετικέτες: Προσθήκη ετικέτας
Δεν υπάρχουν, Καταχωρήστε ετικέτα πρώτοι!

MARC

LEADER 00000nam a2200000 i 4500
001 1/49375
008 980205s1992 eng d
020 |a 0194226867 
035 |l 10026826 
040 |a GR-MY-UA  |b gre  |e aacr 
041 0 |a eng 
082 0 |a 428.64 
100 1 |a Bronte, Emily  |d 1818-1848. 
245 1 0 |a Wuthering heights /  |c Emily Bronte ; retold by: Clare West 
260 |a Oxford :   |b Oxford University Press,   |c c1992 
300 |a 90 p. 
490 1 |a Oxford bookworms. Black series  |v ; Stage 6 
650 0 0 |a English language  |v Textbooks for foreign speakers. 
700 1 |a West, Clare. 
830 0 |a Oxford bookworms. Black series ;  |v ; Stage 5 
852 |a INST  |b CHIOS  |e 19980205  |h 428.64 BRO  |p 005200009970  |q 005200009970  |t BK  |y 0 
901 |a BIBL-1998-1 
909 |a Χ  |b 052589 
922 |a 2ΕΛΗ  |b 199712  |c ΣΟΥΚΑΣ  |d ΠΑΠΑΣΩΤΗΡΙΟΥ